Economics of banking operation (Record no. 590685)

MARC details
000 -LEADER
fixed length control field 00673nam a2200229Ia 4500
003 - CONTROL NUMBER IDENTIFIER
control field OSt
005 - DATE AND TIME OF LATEST TRANSACTION
control field 20220925232219.0
008 - FIXED-LENGTH DATA ELEMENTS--GENERAL INFORMATION
fixed length control field 220923b |||||||| |||| 00| 0 eng d
037 ## - SOURCE OF ACQUISITION
Terms of availability General Book
040 ## - CATALOGING SOURCE
Original cataloging agency RTL
Transcribing agency RTL
Language of cataloging eng
041 ## - LANGUAGE CODE
Source of code eng
Language code of text/sound track or separate title eng
100 ## - MAIN ENTRY--PERSONAL NAME
Personal name Galabraith John Alexander
9 (RLIN) 296912
245 #0 - TITLE STATEMENT
Title Economics of banking operation
260 ## - PUBLICATION, DISTRIBUTION, ETC.
Place of publication, distribution, etc. Montreal
Name of publisher, distributor, etc. Mcgill university press
Date of publication, distribution, etc. 1963
300 ## - PHYSICAL DESCRIPTION
Extent 510p. Bib p 477-493
Dimensions cm.
650 ## - SUBJECT ADDED ENTRY--TOPICAL TERM
Topical term or geographic name entry element Other Countries
9 (RLIN) 231018
942 ## - ADDED ENTRY ELEMENTS (KOHA)
Classification part X62.72.N6, K3
Koha item type General Books
Source of classification or shelving scheme Colon Classification (CC)
Holdings
Withdrawn status Lost status Damaged status Not for loan Home library Current library Date acquired Total Checkouts Full call number Barcode Date last seen Price effective from Koha item type
        Ratan Tata Library Ratan Tata Library 2022-09-25   X62.72.N6 K3 RT0521482 2022-09-25 2022-09-25 General Books
Copyright @ Delhi University Library System